[Event "ch-ESP"]
[Site "El Sauzal ESP"]
[Date "2010.09.05"]
[Round "2"]
[White "Capote Robayna,N"]
[Black "Quiza Vazquez,C"]
[Result "1-0"]
[WhiteElo "1960"]
[BlackElo "1567"]

1.d4 Nf6 2.c4 e6 3.Nc3 Bb4 4.f3 d5 5.a3 Bxc3+ 6.bxc3 O-O 7.e3 c5 8.cxd5 exd5
9.Bd3 b6 10.Ne2 Ba6 11.O-O Re8 12.Ng3 Bxd3 13.Qxd3 Nc6 14.Bb2 cxd4 15.cxd4 Na5
16.Rae1 Nc4 17.Bc1 Rc8 18.Kh1 b5 19.e4 dxe4 20.fxe4 Ne5 21.Qd1 Rxc1 22.Qxc1 Nd3
23.Qd2 Nxe1 24.Rxe1 a6 25.e5 Nd7 26.Nf5 Nb6 27.Qf2 Qg5 28.Rf1 Rf8 29.e6 f6
30.e7 Re8 31.Qe2  1-0

[Event "17th Open A"]
[Site "Graz AUT"]
[Date "2010.09.05"]
[Round "9"]
[White "Wiedermann,D"]
[Black "Zankl,T"]
[Result "1/2-1/2"]
[WhiteElo "2198"]
[BlackElo "2122"]

1.d4 Nf6 2.c4 e6 3.Nc3 Bb4 4.f3 c5 5.d5 d6 6.e4 O-O 7.Ne2 exd5 8.cxd5 Nbd7
9.Ng3 Ne5 10.Be2 Qe7 11.O-O a6 12.a4 Bd7 13.Be3 Rfc8 14.h3 c4 15.f4 Ng6 16.Qd4 Bc5
17.Qd2 Bb4 18.Qd4 Bc5 19.Qd2 Bb4 20.Qd4 Bc5  1/2-1/2

[Event "6th ch-EU"]
[Site "Arvier ITA"]
[Date "2010.09.06"]
[Round "3"]
[White "Melone,A"]
[Black "Bisi,S"]
[Result "1-0"]
[WhiteElo "2016"]
[BlackElo "1829"]

1.d4 Nf6 2.c4 e6 3.Nc3 Bb4 4.f3 d5 5.a3 Bd7 6.e4 dxe4 7.fxe4 e5 8.d5 Bc5
9.Nf3 Ng4 10.Bg5 Bf2+ 11.Ke2 f6 12.h3 fxg5 13.hxg4 Bc5 14.b4 Be7 15.Kd3 Bxg4
16.Be2 Nd7 17.Nd2 Bxe2+ 18.Qxe2 O-O 19.Qg4 Rf6 20.Ne2 a5 21.Nf3 h6 22.c5 b6
23.cxb6 Nxb6 24.Nxe5 Nxd5 25.exd5 Qxd5+ 26.Qd4 Qb3+ 27.Ke4 Re6 28.Qd5 Qc2+
29.Ke3 Bc5+ 30.bxc5 Re8 31.Ra2 Qf5 32.Nd4 Qf4+ 33.Kd3 Qxe5 34.Qxe5 Rxe5 35.Re2 Kf7
36.Rxe5 Rxe5 37.Kc4 Re3 38.a4 Rg3 39.Kb5 Rxg2 40.Kxa5 g4 41.Rf1+ Ke8 42.Nf5 Kd7
43.Kb5 Rb2+ 44.Kc4 Kc6 45.Nxg7 Ra2 46.Rf6+ Kb7 47.Kb5 g3 48.Rxh6 Ra1 49.Rg6 Rg1
50.c6+ Ka7 51.Ka5 g2 52.Rg4 Kb8 53.Nf5 Rf1 54.Rg8+ Ka7 55.Nd4  1-0

[Event "ch-ESP"]
[Site "El Sauzal ESP"]
[Date "2010.09.06"]
[Round "3"]
[White "Leon Varela,L"]
[Black "Franco Alonso,A"]
[Result "0-1"]
[WhiteElo "2168"]
[BlackElo "2490"]

1.d4 Nf6 2.c4 e6 3.Nc3 Bb4 4.f3 O-O 5.a3 Bxc3+ 6.bxc3 d5 7.cxd5 exd5 8.e3 c5
9.Bd3 b6 10.Ne2 Ba6 11.Bxa6 Nxa6 12.Qd3 Qc8 13.e4 dxe4 14.fxe4 c4 15.Qf3 Qb7
16.e5 Qxf3 17.gxf3 Nd5 18.a4 f6 19.Ba3 Rf7 20.f4 fxe5 21.fxe5 Nac7 22.Rf1 Rxf1+
23.Kxf1 Rd8 24.Kf2 Rd7 25.Rf1 Ne6 26.Bc1 Rf7+ 27.Ke1 Nec7 28.Bd2 Rxf1+ 29.Kxf1 a5
30.Nc1 b5 31.axb5 Nxb5 32.Na2 Kf7 33.Ke2 Ke6 34.Kd1 Kf5 35.Kc2 g5 36.Nc1 h5
37.Ne2 h4 38.h3 g4 39.Ng1 gxh3 40.Nxh3 Kg4 41.Nf2+ Kf3 42.Nh3 Kg3 43.Ng5 h3
44.Nxh3 Kxh3 45.Bg5 Kg4 46.Bd8 a4 47.e6 Kf5 48.e7 Nf6 49.Ba5 Ke6 50.Bb4 Kd7  0-1

[Event "FSIMB September"]
[Site "Budapest HUN"]
[Date "2010.09.07"]
[Round "4"]
[White "Steadman,M"]
[Black "Titz,Hei"]
[Result "1-0"]
[WhiteElo "2309"]
[BlackElo "2225"]

1.d4 Nf6 2.c4 e6 3.Nc3 Bb4 4.f3 c5 5.d5 Bxc3+ 6.bxc3 d6 7.e4 Qe7 8.Ne2 O-O
9.Ng3 Nbd7 10.Be2 Ne5 11.O-O Ng6 12.Be3 Re8 13.a4 h6 14.Qd2 e5 15.Nf5 Bxf5
16.exf5 Nf8 17.g4 e4 18.f4 N6h7 19.Qe1 Nd7 20.h4 f6 21.Qg3 Kh8 22.Kf2 a6
23.Rab1 Rab8 24.g5 Rg8 25.Rg1 Qe8 26.Qh2 b5 27.axb5 axb5 28.cxb5 Nb6 29.c4 Qd7
30.Qg2 Qxf5 31.Bg4 Qg6 32.Be6 fxg5 33.hxg5 Rgf8 34.gxh6 Qxg2+ 35.Rxg2 g5
36.Bd2 Nxc4 37.Bc3+ Ne5 38.f5 Rf6 39.Bxe5 dxe5 40.Ke3 Rxh6 41.Kxe4 Kg7 42.Kxe5 Kf8
43.Kd6 Nf6 44.b6 Rh7 45.Kc6 c4 46.b7 c3 47.d6 Ke8 48.Ra2 Nd7 49.Bxd7+ Rxd7
50.Re2+  1-0

[Event "ch-ESP"]
[Site "El Sauzal ESP"]
[Date "2010.09.08"]
[Round "5"]
[White "Arizmendi Martinez,J"]
[Black "Franco Alonso,A"]
[Result "1-0"]
[WhiteElo "2551"]
[BlackElo "2490"]

1.d4 Nf6 2.c4 e6 3.Nc3 Bb4 4.f3 O-O 5.a3 Bxc3+ 6.bxc3 Ne8 7.a4 b6 8.a5 Ba6
9.e4 Nc6 10.axb6 axb6 11.Bd3 Na5 12.Nh3 Rc8 13.Qe2 Qh4+ 14.Nf2 Nb3 15.Rb1 Nxc1
16.Rxc1 Nd6 17.O-O Nb7 18.Ra1 Na5 19.Rfb1 d6 20.Nd1 Ra8 21.Ne3 Nc6 22.Nc2 Bb7
23.Na3 Rfb8 24.Nb5 Qd8 25.f4 Rxa1 26.Rxa1 Ra8 27.Rxa8 Qxa8 28.h3 Qb8 29.f5 Na7
30.fxe6 fxe6 31.Qg4 Bc8 32.Qg5 Ba6 33.Qe7 Nxb5 34.cxb5 Bb7 35.Qxe6+ Kh8 36.Qe7 h6
37.Kh2 c6 38.bxc6 Bxc6 39.d5 Ba4 40.c4 Kg8 41.Kh1 Be8 42.Be2 Bf7 43.e5 dxe5
44.d6 Qf8 45.Qxe5 Qd8 46.Qd4 Be6 47.Bf3 Kf7 48.Bh5+ g6 49.Bf3 h5 50.Kg1 Qc8
51.Qf4+ Kg7 52.Qe5+ Kh6 53.Bd5 Bf5 54.Qe3+ Kg7 55.Qxb6 Bxh3 56.Qd4+ Kh7 57.gxh3 Qxh3
58.d7  1-0

[Event "ch-ESP"]
[Site "El Sauzal ESP"]
[Date "2010.09.08"]
[Round "5"]
[White "Reinaldo Castineira,R"]
[Black "Espineira Gonzalez,D"]
[Result "1/2-1/2"]
[WhiteElo "2502"]
[BlackElo "2287"]

1.d4 e6 2.c4 Nf6 3.Nc3 Bb4 4.f3 d5 5.a3 Bxc3+ 6.bxc3 c5 7.cxd5 Nxd5 8.dxc5 Qa5
9.e4 Ne7 10.Be3 Qxc3+ 11.Kf2 Nbc6 12.Ne2 Qa5 13.Qe1 O-O 14.Qxa5 Nxa5 15.Rd1 f5
16.Bg5 Nec6 17.Nc3 h6 18.Bf4 e5 19.Bc1 Be6 20.exf5 Bxf5 21.Nb5 Rad8 22.Nd6 b6
23.Be3 bxc5 24.Bxc5 e4 25.Be2 exf3 26.gxf3 Bc2 27.Rc1 Bb3 28.Rhg1 Rf6 29.Ne4 Rf5
30.Be3 Bd5 31.Ng3 Rf7 32.Nh5 Kh8 33.Nf4 Bb3 34.Rc5 g5 35.Nh5 Rd5 36.Rxd5 Bxd5
37.h4 Bxf3 38.Bxf3 Ne5 39.hxg5 Rxf3+ 40.Ke2 Nac4 41.Bd4 Rf5 42.Nf6 hxg5 43.Ne4 Rf4
44.Bxe5+ Nxe5 45.Nxg5 Rg4 46.Nf7+ Kg7 47.Rxg4+ Nxg4 48.Nd6 Ne5 49.Ke3 Kf6
50.Kd4 Ke6 51.Kc5 Nd3+ 52.Kc6 Ne5+ 53.Kc7 Kd5 54.a4 Nc4 55.Nb7 a5 56.Nxa5 Nxa5  1/2-1/2

[Event "FSIMB September"]
[Site "Budapest HUN"]
[Date "2010.09.10"]
[Round "7"]
[White "Steadman,M"]
[Black "Petran,Pa"]
[Result "1-0"]
[WhiteElo "2309"]
[BlackElo "2348"]

1.d4 Nf6 2.c4 e6 3.Nc3 Bb4 4.f3 d5 5.a3 Be7 6.e4 dxe4 7.fxe4 e5 8.d5 Bc5
9.Nf3 Bg4 10.Bd3 Nbd7 11.h3 Bxf3 12.Qxf3 O-O 13.Rb1 a5 14.b4 axb4 15.axb4 Bd4
16.Ne2 Re8 17.g4 h6 18.Bc2 c6 19.dxc6 bxc6 20.b5 Nf8 21.Ng3 Ra2 22.Qb3 Qa5+
23.Kf1 Ne6 24.Nf5 Rb8 25.Rh2  1-0

[Event "TCh-CHN"]
[Site "Guangzhou CHN"]
[Date "2010.09.11"]
[Round "11"]
[White "Li Xueyi"]
[Black "Zhai Mo"]
[Result "1/2-1/2"]
[WhiteElo "1957"]
[BlackElo "2110"]

1.d4 Nf6 2.c4 e6 3.Nc3 Bb4 4.f3 O-O 5.e4 d5 6.e5 Nfd7 7.f4 c5 8.a3 cxd4 9.axb4 dxc3
10.bxc3 dxc4 11.Nf3 Nb6 12.Qc2 h6 13.Be2 Nc6 14.O-O a5 15.b5 Na7 16.Rxa5 Nd5
17.Ra1 Qb6+ 18.Kh1 Bd7 19.Bxc4 Bxb5 20.Bxb5  1/2-1/2

[Event "e2e4 Open"]
[Site "Sunningdale ENG"]
[Date "2010.09.11"]
[Round "4"]
[White "Summerscale,A"]
[Black "Slavin,A"]
[Result "1-0"]
[WhiteElo "2454"]
[BlackElo "2304"]

1.d4 Nf6 2.c4 e6 3.Nc3 Bb4 4.f3 d5 5.a3 Be7 6.e4 dxe4 7.fxe4 e5 8.d5 Bc5
9.Nf3 Bg4 10.h3 Bxf3 11.Qxf3 O-O 12.Bd2 a5 13.g4 Nbd7 14.O-O-O Ne8 15.g5 c6
16.h4 Nd6 17.Kb1 Bd4 18.Ne2 Nxc4 19.Bc1 Nd6 20.dxc6 Nc5 21.Nxd4 exd4 22.Rxd4 Qe7
23.e5 Ne8 24.cxb7 Rb8 25.Bc4 Nc7 26.h5 N7e6 27.Rg4 Rxb7 28.g6 fxg6 29.Qg2 gxh5
30.Rxh5 Rfb8 31.Qc2 Kf8 32.Rxh7 Ke8 33.Rh8+ Kd7 34.Bxe6+ Nxe6 35.Qa4+ Kc7
36.Rc4+ Nc5 37.Qxa5+ Kc6 38.Rxb8 Rxb8 39.b4 Rb5 40.Qa6+ Rb6 41.Qc8+ Kb5 42.Rxc5+ Ka4
43.Ra5+  1-0

[Event "TCh-CHN"]
[Site "Guangzhou CHN"]
[Date "2010.09.12"]
[Round "12"]
[White "Li Xueyi"]
[Black "Hou Yifan"]
[Result "0-1"]
[WhiteElo "1957"]
[BlackElo "2570"]

1.d4 Nf6 2.c4 e6 3.Nc3 Bb4 4.f3 c5 5.d5 d6 6.e4 O-O 7.Bd3 Nbd7 8.Ne2 Ne5
9.O-O exd5 10.cxd5 a6 11.Bc2 Re8 12.Bg5 h6 13.Bh4 Ba5 14.a3 b5 15.b4 Bb6
16.Kh1 Nc4 17.Bf2 Bd7 18.Bb3 cxb4 19.axb4 Ne3 20.Bxe3 Bxe3 21.Qd3 Bb6 22.Nd4 Nh5
23.Nce2 Qf6 24.Bc2 Nf4 25.Nxf4 Qxd4 26.Qb3 Rec8 27.Ra2 Rc4 28.Ne2 Qe3 29.Bd3 Rc7
30.Qb1 h5 31.f4 Rac8 32.Rxa6 Bg4 33.Ra2 h4 34.Re1 h3 35.Ng1 Qxf4 36.Rf1 Qe3
37.Raf2 Rc1 38.Qb3 Qxf2  0-1

[Event "FSIMB September"]
[Site "Budapest HUN"]
[Date "2010.09.13"]
[Round "10"]
[White "Steadman,M"]
[Black "Battey,A"]
[Result "1/2-1/2"]
[WhiteElo "2309"]
[BlackElo "2157"]

1.d4 Nf6 2.c4 e6 3.Nc3 Bb4 4.f3 c5 5.d5 b5 6.e4 bxc4 7.Bxc4 Nxd5 8.Bxd5 exd5
9.Qxd5 Nc6 10.Ne2 Ba6 11.Kf2 O-O 12.Rd1 Qb6 13.Be3 Rab8 14.a3 Bxc3 15.bxc3 Qb2
16.Ra2 Qb3 17.Qxb3 Rxb3 18.Bxc5 Rc8 19.Bd4 Bc4 20.Nc1 Nxd4 21.cxd4 Rc3 22.Ra1 Rc2+
23.Ke3 Rxg2 24.Rd2 Rxd2 25.Kxd2 Rb8 26.d5 f5 27.Kc3 Rc8 28.Kd4 fxe4 29.fxe4 Kf7
30.Nd3 Bxd3 31.Kxd3 Rb8 32.Ra2 Rb1 33.Kd4 Ke7 34.Rg2 g6 35.Rg3 Rd1+ 36.Ke5 d6+
37.Kf4 Kf6 38.Ke3  1/2-1/2

[Event "39th Olympiad Men"]
[Site "Khanty-Mansiysk RUS"]
[Date "2010.09.23"]
[Round "3"]
[White "Ganguly,S"]
[Black "Barrientos,S"]
[Result "1/2-1/2"]
[WhiteElo "2650"]
[BlackElo "2464"]

1.d4 Nf6 2.c4 e6 3.Nc3 Bb4 4.f3 d5 5.a3 Bxc3+ 6.bxc3 c5 7.cxd5 Nxd5 8.dxc5 Qa5
9.e4 Nf6 10.Be3 O-O 11.Kf2 Nfd7 12.Rb1 Na6 13.Bxa6 Qxa6 14.Qd6 Qxd6 15.cxd6 b6
16.Ne2  1/2-1/2

[Event "39th Olympiad Men"]
[Site "Khanty-Mansiysk RUS"]
[Date "2010.09.24"]
[Round "4"]
[White "Del Castilho,M"]
[Black "Yee,F"]
[Result "1/2-1/2"]
[WhiteElo "2218"]
[BlackElo "2106"]

1.d4 Nf6 2.c4 e6 3.Nc3 Bb4 4.f3 c5 5.d5 d6 6.e4 e5 7.Bd3 h6 8.Ne2 Nbd7 9.Be3 a6
10.O-O Bxc3 11.Nxc3 g5 12.Kh1 Nf8 13.a3 Ng6 14.b4 b6 15.g3 O-O 16.Qd2 Nh5
17.Qe2 Qd7 18.Rg1 Ng7 19.Rab1 Qc7 20.Rb2 f5 21.exf5 Bxf5 22.Ne4 Bxe4 23.Bxe4 Nf5
24.bxc5 bxc5 25.Rgb1 Ra7 26.Rb6 Nge7 27.Bd2 Nd4 28.Qd1 Nc8 29.R6b2 Qf7 30.Kg2 Qg7
31.Be3 Raf7 32.Bxd4 cxd4 33.h3 h5 34.Qe1 g4 35.fxg4 hxg4 36.h4 Ne7 37.Qc1 Nf5
38.Qg5 Ne3+ 39.Kg1 Qxg5 40.hxg5 Rf1+ 41.Rxf1 Rxf1+ 42.Kh2 Rc1 43.Rb8+ Kg7
44.Rb7+ Kg8 45.Rb8+ Kg7 46.Rb7+ Kg8  1/2-1/2

[Event "39th Olympiad Men"]
[Site "Khanty-Mansiysk RUS"]
[Date "2010.09.25"]
[Round "5"]
[White "Alvarez Marquez,J"]
[Black "Kett,T"]
[Result "1-0"]
[WhiteElo "2414"]
[BlackElo "2219"]

1.d4 Nf6 2.c4 e6 3.Nc3 Bb4 4.f3 d5 5.a3 Bxc3+ 6.bxc3 c5 7.cxd5 Nxd5 8.dxc5 f5
9.Nh3 Qa5 10.Nf4 Nxf4 11.Bxf4 O-O 12.Qd4 Nc6 13.Qc4 b5 14.Qb3 Kh8 15.Bd6 Re8
16.e3 e5 17.Be2 Be6 18.Qb2 Bc4 19.Bxc4 bxc4 20.O-O Rac8 21.Qc2 g6 22.e4 f4
23.a4 Qd8 24.Rfd1 Qf6 25.Rab1 Qf7 26.Rd5 g5 27.Qe2 h5 28.h3 Re6 29.Qxc4 Qg6
30.Qa6 Ne7 31.Rxe5 g4 32.hxg4 hxg4 33.Rxe6 Qxe6 34.Qd3 gxf3 35.Qxf3 Ng6 36.Qh5+ Kg7
37.Rb7+ Kf6 38.e5+ Nxe5 39.Bxe5+ Qxe5 40.Rf7+ Ke6 41.Re7+  1-0

[Event "39th Olympiad Women"]
[Site "Khanty-Mansiysk RUS"]
[Date "2010.09.25"]
[Round "5"]
[White "Ushenina,A"]
[Black "Nikolova,A"]
[Result "1-0"]
[WhiteElo "2466"]
[BlackElo "2295"]

1.d4 Nf6 2.c4 e6 3.Nc3 Bb4 4.f3 d5 5.a3 Bxc3+ 6.bxc3 dxc4 7.Qa4+ Nbd7 8.Qxc4 c5
9.e4 b6 10.Be3 cxd4 11.cxd4 Bb7 12.Nh3 Ng8 13.Be2 Ne7 14.O-O O-O 15.Rfd1 a6
16.Qa2 Qb8 17.Rab1 Qa7 18.Nf4 Rfe8 19.Nxe6 Bxe4 20.fxe4 fxe6 21.Qxe6+ Kh8
22.Qb3 Qb7 23.Bf3 Rac8 24.e5 Qc7 25.Rbc1 Qb8 26.Rxc8 Nxc8 27.Qf7 Re7 28.Qf5 g6
29.Qh3 Nf8 30.Bg5 Rd7 31.Bf6+ Kg8 32.Bc6 Qc7 33.Bxd7 Nxd7 34.Qe6+ Kf8 35.Rf1 Nxf6
36.Qxf6+  1-0

[Event "TCh-NED Meesterklasse 2010-11"]
[Site "Netherlands NED"]
[Date "2010.09.25"]
[Round "1.6"]
[White "Van Ketel,R"]
[Black "Van Oosterom,C"]
[Result "0-1"]
[WhiteElo "2266"]
[BlackElo "2413"]

1.d4 Nf6 2.c4 e6 3.Nc3 Bb4 4.f3 d5 5.a3 Be7 6.e4 dxe4 7.fxe4 e5 8.d5 Bc5
9.Nf3 Bg4 10.Bd3 a5 11.h3 Bxf3 12.Qxf3 Nbd7 13.Ne2 O-O 14.Bg5 c6 15.g4 Qb6
16.Kf1 Ne8 17.Kg2 f6 18.Bc1 Nd6 19.Ng3 Bd4 20.Rb1 Qb3 21.Qd1 Nc5 22.Qxb3 Nxb3
23.Kf3 c5 24.Ke2 a4 25.Rf1 Na5 26.Nf5 Naxc4 27.Nxd4 exd4 28.b4 axb3 29.Rxb3 Ne5
30.Rb6 Rfd8 31.g5 c4 32.Bb1 d3+ 33.Ke3 fxg5 34.Bb2 c3 35.Rxd6 Nc4+ 36.Kxd3 Nxb2+
37.Kxc3 Na4+ 38.Kd4 Rxd6 39.e5 Rh6 40.Bf5 Rh4+ 41.Ke3 Nb6 42.Be6+ Kh8 43.d6 Rh6
44.Ba2 Rxa3+ 45.Kd4 Rh4+ 46.Kc5 Nd7+ 47.Kb5 Rxa2 48.e6 Rb2+ 49.Ka5 Rxh3 50.exd7 Ra3+  0-1

[Event "TCh-NED Meesterklasse 2010-11"]
[Site "Netherlands NED"]
[Date "2010.09.25"]
[Round "1.4"]
[White "Wiersma,E"]
[Black "Willemze,T"]
[Result "1-0"]
[WhiteElo "2419"]
[BlackElo "2409"]

1.d4 Nf6 2.c4 e6 3.Nc3 Bb4 4.f3 Nc6 5.e4 d5 6.cxd5 exd5 7.e5 Ng8 8.Be3 Nge7
9.f4 O-O 10.Be2 f6 11.Nf3 Ba5 12.O-O Bg4 13.h3 Bxf3 14.Bxf3 Bb6 15.exf6 Rxf6
16.g4 Qd6 17.Qd2 Kh8 18.Rad1 Raf8 19.Bg2 Na5 20.b3 c6 21.f5 Bc7 22.Bf4 Qd7
23.Be5 R6f7 24.Ne2 c5 25.Nf4 Rg8 26.Bxc7 Qxc7 27.Nxd5 Nxd5 28.Bxd5 Rd7 29.Bxg8 Kxg8
30.Qc3 Re7 31.Rfe1 Nc6 32.Rxe7 Qxe7 33.Re1 cxd4 34.Qc4+  1-0

[Event "EYCC Boys U16"]
[Site "Batumi GEO"]
[Date "2010.09.26"]
[Round "7"]
[White "Aghasaryan,R"]
[Black "Volkov,Nika"]
[Result "1-0"]
[WhiteElo "2308"]
[BlackElo "2159"]

1.d4 Nf6 2.c4 e6 3.Nc3 Bb4 4.f3 c5 5.a3 Ba5 6.d5 b5 7.e4 bxc4 8.Bxc4 Bb7
9.Ne2 Nxd5 10.Bxd5 exd5 11.exd5 O-O 12.O-O Re8 13.Ng3 d6 14.Bf4 Qf6 15.Qd2 Nd7
16.b4 cxb4 17.Nce4 Qd8 18.axb4 Qb6+ 19.Be3 Bxb4 20.Qf2 Nc5 21.Nf5 Re5 22.Nexd6 Bxd5
23.Qg3 Rxf5 24.Nxf5 Kf8 25.Qxg7+ Ke8 26.Qe5+ Be6 27.Qh8+  1-0

[Event "39th Olympiad Men"]
[Site "Khanty-Mansiysk RUS"]
[Date "2010.09.28"]
[Round "7"]
[White "Eljanov,P"]
[Black "Mchedlishvili,M"]
[Result "1/2-1/2"]
[WhiteElo "2761"]
[BlackElo "2628"]

1.d4 Nf6 2.c4 e6 3.Nc3 Bb4 4.f3 d5 5.a3 Bxc3+ 6.bxc3 c5 7.cxd5 Nxd5 8.dxc5 f5
9.c4 Qf6 10.Bg5 Qxg5 11.cxd5 exd5 12.Nh3 Qe3 13.Qd2 d4 14.Rd1 Na6 15.Qxd4 Qxd4
16.Rxd4 Nxc5 17.e3 Bd7 18.Bc4 Ne6 19.Bxe6 Bxe6 20.Kd2 Ke7 21.Rb1 b6 22.Rb5 Rad8
23.Nf4 Rxd4+ 24.exd4 Bd7 25.Rd5 Rc8 26.Re5+ Kd6 27.Rd5+ Ke7 28.Re5+  1/2-1/2

[Event "Karen Asrian Memorial"]
[Site "Jermuk ARM"]
[Date "2010.10.07"]
[Round "3"]
[White "Volkov,Sergey1"]
[Black "Lomineishvili,M"]
[Result "1-0"]
[WhiteElo "2595"]
[BlackElo "2355"]

1.d4 Nf6 2.c4 e6 3.Nc3 Bb4 4.f3 c5 5.d5 b5 6.e4 O-O 7.Bg5 exd5 8.cxd5 Re8
9.Ne2 d6 10.Qd2 Nbd7 11.Ng3 c4 12.Be2 Qb6 13.Nf5 Ne5 14.Nxg7 Kxg7 15.Bh6+ Kh8
16.Qg5 Nh5 17.Qxh5 Rg8 18.Bg5 Rg6 19.Qh4 Qd4 20.Rd1 Nd3+ 21.Bxd3 cxd3 22.Rd2 Bd7
23.Qf4 Rc8 24.Qe3 Qg7 25.Qxa7 f6 26.Be3 Rxg2 27.Qd4 Rxd2 28.Bxd2 Bc5 29.Qxd3 Qg2
30.Qf1 Bh3 31.Nxb5 Rg8 32.a4 Qxf1+ 33.Rxf1 Bxf1 34.Kxf1 Rg1+ 35.Ke2 Rg2+
36.Kd3 Rxh2 37.b4 Rxd2+ 38.Kxd2 Bxb4+ 39.Ke2 Kg7 40.Nd4 h5 41.Nb3 h4 42.a5 h3
43.Kf1 Be1 44.a6 h2 45.Kg2 Bf2 46.Kxh2 f5 47.Kg2 Bb6 48.Na5 Kf6 49.Nc4 Ba7
50.Nxd6 fxe4 51.fxe4 Ke5 52.Nb5 Kxe4 53.d6  1-0

[Event "4NCL Team Rapid"]
[Site "Newport Pagnell ENG"]
[Date "2010.10.09"]
[Round "4"]
[White "Summerscale,A"]
[Black "Cobb,J"]
[Result "1-0"]
[WhiteElo "2419"]
[BlackElo "2401"]

1.d4 Nf6 2.c4 e6 3.Nc3 Bb4 4.f3 d5 5.a3 Be7 6.e4 dxe4 7.fxe4 e5 8.d5 O-O
9.Nf3 Bg4 10.h3 Bxf3 11.Qxf3 Na6 12.b4 c5 13.b5 Nc7 14.Bd3 Nce8 15.O-O Nd6
16.Be3 Nd7 17.Kh1 Rc8 18.a4 a5 19.bxa6 bxa6 20.a5 Rb8 21.Ra2 Rb4 22.Qe2 Bg5
23.Bf2 Qc7 24.Be1 Rfb8 25.Nd1 Rb3 26.Bc2 R3b7 27.Bc3 Qd8 28.Ba4 Qe7 29.Nf2 f6
30.Kg1 Rb1 31.Ra1 Rxf1+ 32.Rxf1 Nf8 33.g3 h5 34.h4 Bh6 35.Qxh5 Nxc4 36.Qe2 Ne3
37.Re1 f5 38.Qf3 f4 39.Nd3 Nd7  1-0

[Event "TCh-ISL Div 1 2010-11"]
[Site "Reykjavik ISL"]
[Date "2010.10.09"]
[Round "3.2"]
[White "Henrichs,T"]
[Black "Thorvaldsson,J"]
[Result "1-0"]
[WhiteElo "2507"]
[BlackElo "2296"]

1.d4 Nf6 2.c4 e6 3.Nc3 Bb4 4.f3 d5 5.a3 Bxc3+ 6.bxc3 O-O 7.cxd5 exd5 8.e3 Re8
9.Bd3 b6 10.Ne2 Bb7 11.O-O Nbd7 12.Ra2 Nf8 13.Ng3 c5 14.Re2 cxd4 15.cxd4 Qd7
16.Bb2 Ne6 17.Qd2 Rad8 18.Nf5 Nf8 19.g4 h6 20.Rg2 N6h7 21.h4 Qa4 22.Bc2 Qd7
23.Re1 Rc8 24.Bb1 Ng6 25.e4 Qd8 26.g5 hxg5 27.hxg5 Nhf8 28.e5 Ne6 29.Rg4 Rc6
30.Rf1 Nef8 31.f4 Bc8 32.Rg3 Bxf5 33.Bxf5 Nh4 34.Bd3 g6 35.Rh3 Nf5 36.Qh2  1-0

[Event "TCh-CHN"]
[Site "Guangzhou CHN"]
[Date "2010.10.14"]
[Round "14"]
[White "Li Xueyi"]
[Black "Guo Qi"]
[Result "0-1"]
[WhiteElo "1957"]
[BlackElo "2143"]

1.d4 e6 2.c4 Nf6 3.Nc3 Bb4 4.f3 c5 5.d5 Nh5 6.g3 d6 7.e4 f5 8.Bd2 O-O 9.Qe2 exd5
10.cxd5 Nf6 11.Bh3 Re8 12.O-O-O fxe4 13.Nxe4 Bxd2+ 14.Rxd2 Nxe4 15.fxe4 Na6
16.Be6+ Bxe6 17.dxe6 Rxe6 18.Qc4 Qe7 19.Nh3 Nc7 20.Re1 b5 21.Qc2 c4 22.Kb1 Re5
23.Nf2 Rd8 24.Red1 Ne6 25.Ng4 Rc5 26.Ne3 Ng5 27.Rd4 Nf3 28.Rd5 Rxd5 29.Nxd5 Qe5
30.Nc3 a6 31.Qf2 Ng5 32.Qb6 Nf3 33.Rf1 Rf8 34.a3 Qc5 35.Qxa6 Rb8 36.Nd5 Qd4
37.Ka1 h6 38.Qc6 Rf8 39.Ne7+ Kh7 40.Qb7 Qd3 41.Rb1 Ng5 42.Qxb5 Qxe4 43.Nc6 Rf5
44.Qb6 Nf3 45.g4 Nd2 46.Rd1 Qc2 47.Re1 Nb3+ 48.Ka2 Rf2 49.Rb1 Qxb1+  0-1

[Event "Grand Slam Final Masters"]
[Site "Bilbao ESP"]
[Date "2010.10.15"]
[Round "6"]
[White "Shirov,A"]
[Black "Kramnik,V"]
[Result "1/2-1/2"]
[WhiteElo "2749"]
[BlackElo "2780"]

1.d4 Nf6 2.c4 e6 3.Nc3 Bb4 4.f3 d5 5.a3 Bxc3+ 6.bxc3 c5 7.cxd5 Nxd5 8.dxc5 Qa5
9.e4 Nf6 10.Be3 O-O 11.Qb3 Nfd7 12.a4 Qc7 13.Qa3 b6 14.a5 Bb7 15.a6 Bc8 16.Bb5 Nxc5
17.Bxc5 bxc5 18.Ne2 Bd7 19.Bc4 Bc6 20.Qxc5 Nd7 21.Qa5 Rfc8 22.Qxc7 Rxc7 23.Nd4 Bxe4
24.Bxe6 fxe6 25.fxe4 Rxc3 26.O-O Nc5 27.e5 h6 28.Rfc1 Rxc1+ 29.Rxc1 Nxa6
30.Nxe6 Re8 31.Nd4 Rxe5 32.Ra1 Re4 33.Rxa6 Rxd4 34.Rxa7  1/2-1/2

[Event "WY Boys-U18"]
[Site "Porto Carras GRE"]
[Date "2010.10.24"]
[Round "6.13"]
[White "Cruz,Cr"]
[Black "Nikolashvili,G"]
[Result "1-0"]
[WhiteElo "2497"]
[BlackElo "2294"]

1.d4 Nf6 2.c4 e6 3.Nc3 Bb4 4.f3 d5 5.a3 Bxc3+ 6.bxc3 c5 7.cxd5 Nxd5 8.dxc5 f5
9.Nh3 O-O 10.c4 Nf6 11.Qd6 Qa5+ 12.Bd2 Qa4 13.Nf4 Nc6 14.Nxe6 Bxe6 15.Qxe6+ Kh8
16.Qe3 Rad8 17.Qc3 Nd4 18.Rb1 Rf7 19.Rb2 Qc6 20.Bg5 Rfd7 21.Kf2 Qxc5 22.e3 f4
23.Bxf4 Nc6 24.Rc2 Rd1 25.g4 a5 26.Kg2 h5 27.h3 Ne7 28.Be5 Ne8 29.Be2 R1d7
30.Rb1 Qc6 31.Rb5 Kg8 32.Qxa5 Qg6 33.Qc3 Nf5 34.Bf4 Rf7 35.Rd2 Rc8 36.Qd3 hxg4
37.hxg4 Nh4+ 38.Kg3 Nf6 39.Bg5  1-0

[Event "14th Corsica Masters"]
[Site "Bastia FRA"]
[Date "2010.10.26"]
[Round "3"]
[White "Jones,G"]
[Black "Fedorchuk,S"]
[Result "1-0"]
[WhiteElo "2576"]
[BlackElo "2671"]

1.d4 Nf6 2.c4 e6 3.Nc3 Bb4 4.f3 d5 5.a3 Bxc3+ 6.bxc3 c5 7.cxd5 Nxd5 8.dxc5 Qa5
9.e4 Nf6 10.Be3 O-O 11.Qb3 Nfd7 12.a4 Qc7 13.Qa3 b6 14.a5 Bb7 15.a6 Bc8 16.Bb5 Nxc5
17.Bxc5 bxc5 18.Ne2 Nd7 19.O-O Nb6 20.Qa5 Rb8 21.Rfd1 f5 22.exf5 exf5 23.Qa2+ Qf7
24.Rd6 Qxa2 25.Rxa2 Kf7 26.Nf4 g5 27.Nh3 Rg8 28.f4 gxf4 29.Nxf4 Ke7 30.Rh6 Rd8
31.Re2+ Kf8 32.Rxh7 Bd7 33.Ng6+  1-0

[Event "WY Boys-U16"]
[Site "Porto Carras GRE"]
[Date "2010.10.28"]
[Round "9.17"]
[White "Meskovs,N"]
[Black "Volkov,Nika"]
[Result "1/2-1/2"]
[WhiteElo "2263"]
[BlackElo "2159"]

1.d4 Nf6 2.c4 e6 3.Nc3 Bb4 4.f3 c5 5.d5 b5 6.e4 bxc4 7.Bxc4 Nxd5 8.Bxd5 exd5
9.Qxd5 Nc6 10.Bf4 Qf6 11.Ne2 Ba6 12.Bg5 Qe5 13.a3 Ba5 14.b4 Bxe2 15.Qxe5+ Nxe5
16.Kxe2 cxb4 17.axb4 Bxb4 18.Nd5 Bd6 19.f4 Ng6 20.e5 f6 21.exd6 fxg5 22.Nc7+ Kf7
23.fxg5 Rab8 24.Rhf1+ Kg8 25.Rxa7 h6 26.Nd5 Ne5 27.Rxd7 Rb2+ 28.Ke3 hxg5
29.Rd8+ Kh7 30.Rxh8+ Kxh8 31.Rf8+ Kh7 32.Rd8 Rxg2 33.d7 Nxd7 34.Rxd7 Rxh2
35.Ne7 Rh3+ 36.Ke4 Rh1 37.Kf5 Rg1 38.Nd5 Kh6 39.Rd6+  1/2-1/2

[Event "WY Boys-U16"]
[Site "Porto Carras GRE"]
[Date "2010.10.28"]
[Round "9.3"]
[White "Bukavshin,I"]
[Black "Abasov,N"]
[Result "1-0"]
[WhiteElo "2430"]
[BlackElo "2517"]

1.d4 Nf6 2.c4 e6 3.Nc3 Bb4 4.f3 c5 5.d5 b5 6.e4 O-O 7.e5 Ne8 8.f4 d6 9.Nf3 Qe7
10.Bd3 Nd7 11.dxe6 fxe6 12.O-O Bxc3 13.bxc3 bxc4 14.Bxc4 dxe5 15.fxe5 h6
16.Qe2 Bb7 17.Bd3 Rd8 18.Bc2 c4 19.Kh1 Nc7 20.Rb1 Bxf3 21.gxf3 Nd5 22.Bd2 Qh4
23.Rg1 Qh5 24.Rb7 Qxf3+ 25.Qxf3 Rxf3 26.Be4 Rf7 27.Bxd5 Nc5 28.Bxh6 Rxd5
29.Rxg7+ Rxg7 30.Rxg7+ Kh8 31.Rxa7 Ne4 32.a4 Nxc3 33.a5 Nb5 34.Rb7 c3 35.a6 c2
36.Kg2 Rxe5 37.a7 Nxa7 38.Rxa7 Rc5 39.Bc1 e5 40.h4 e4 41.Re7 e3 42.Rxe3 Kg7
43.Re6 Kh7 44.Kf3 Rc4 45.Re4 Rc5 46.Kg4 Kg6 47.Ra4 Rc7 48.h5+ Kh7 49.h6 Kg6
50.Kf3 Rc3+ 51.Ke2 Rh3 52.Rc4 Rh2+ 53.Kd3 Rf2 54.Rc6+ Kh7 55.Rc7+ Kg6 56.Rg7+ Kf6
57.Bb2+ Ke6 58.Bc1 Rh2 59.Rc7 Kd5 60.Rxc2  1-0

[Event "Chigorin Mem Classic Open"]
[Site "St Petersburg RUS"]
[Date "2010.10.28"]
[Round "1"]
[White "Vorobiov,E"]
[Black "Guzenko,A"]
[Result "1/2-1/2"]
[WhiteElo "2565"]
[BlackElo "2213"]

1.d4 Nf6 2.c4 e6 3.Nc3 Bb4 4.f3 d5 5.a3 Bxc3+ 6.bxc3 b6 7.cxd5 exd5 8.e3 O-O
9.Bd3 c5 10.Ne2 Re8 11.O-O Ba6 12.Bxa6 Nxa6 13.Ng3 Nc7 14.a4 Qd7 15.Qd3 Rad8
16.Bb2 Ne6 17.Rfd1 Qb7 18.Re1 Qd7 19.e4 dxe4 20.fxe4 cxd4 21.cxd4 Nf4 22.Qd2 Ng6
23.d5 Ng4 24.Bxg7 Kxg7 25.Qg5 Kh8 26.Nf5 Rg8 27.Qxg4 Ne7 28.Qf3 Nxf5 29.exf5 Qxd5
30.Re4 Qc5+ 31.Kh1 Rd2 32.Re2 Rxe2 33.Qxe2 Qxf5 34.Rf1 Qg6 35.h3 Qg7 36.Rf4 f6
37.Rg4 Qd7 38.Rf4 Qc6 39.Re4 Qc1+ 40.Kh2 Qc7+ 41.Kh1 Qc1+ 42.Kh2 Qc7+  1/2-1/2

[Event "14th OIBM"]
[Site "Bad Wiessee GER"]
[Date "2010.10.31"]
[Round "3.3"]
[White "Sandipan,C"]
[Black "Seyb,A"]
[Result "1-0"]
[WhiteElo "2641"]
[BlackElo "2294"]

1.d4 Nf6 2.c4 e6 3.Nc3 Bb4 4.f3 c5 5.d5 Nh5 6.Nh3 d6 7.g4 Nf6 8.e4 Qe7 9.Bd2 exd5
10.cxd5 O-O 11.Nf2 Nbd7 12.Be2 Ne5 13.g5 Bxc3 14.bxc3 Nxd5 15.f4 Nxf4 16.Bxf4 f6
17.Rg1 Be6 18.Qd2 Rad8 19.O-O-O Qf7 20.gxf6 Qxf6 21.Bg5 Qxf2 22.Rdf1 Nc4
23.Rxf2 Nxd2 24.Rxf8+ Rxf8 25.Kxd2 Rf2 26.h4 Bxa2 27.Ke3 Rh2 28.h5 Rh3+ 29.Kd2 Rh2
30.Bf4 Rh4 31.Bh6 g6 32.Rf1 Bf7 33.Bc4  1-0